000 00339 a2200145 4500
001 154004
040 _cEscola São Tomás de Aquino
100 _aROLIM, Jeanine
240 1 0 _aBulling sem blá-blá-blá
_lpor
245 1 0 _aBulling sem blá-blá-blá
362 0 _a2013
440 1 _aIntersaberes
697 _aEducação
942 _cBK
999 _c154004
_d154004